Optimalizácia financovania marketingových činností v neziskových organizáciách

Možnosti ako v jednotlivých činnostiach hľadať ekonomické optimum. Pomocou nájdenia ekonomického optima môže nezisková organizácia maximalizovať finančné efekty uplatňovania marketingového princípu vo svojej činnosti. Marketing neziskových organizácií.

Saved in:
Bibliographic Details
Main Author: Bačo, Tomáš, 1981-
Format: Book Chapter
Language:Slovak
Subjects:
Tags: Add Tag
No Tags, Be the first to tag this record!

MARC

LEADER 00000nla$a2200000$$$4500
001 0090546
005 20231215092145.5
041 0 |a slo 
044 |a SK 
245 1 0 |a Optimalizácia financovania marketingových činností v neziskových organizáciách  |c Tomáš Bačo 
520 |a Možnosti ako v jednotlivých činnostiach hľadať ekonomické optimum. Pomocou nájdenia ekonomického optima môže nezisková organizácia maximalizovať finančné efekty uplatňovania marketingového princípu vo svojej činnosti. Marketing neziskových organizácií. 
610 2 0 |a marketing 
610 2 0 |a financovanie 
610 2 0 |a organizácie neziskové 
610 2 0 |a modely 
610 2 0 |a náklady 
100 1 |a Bačo, Tomáš, 1981-